|
|
|
|
| LEADER |
01868nem a2200409 a 4500 |
| 001 |
001419176 |
| 003 |
CZ BrMZK |
| 005 |
20160122085357.0 |
| 007 |
aj|canzn |
| 008 |
030207s1930 xr a 0 cze d |
| 034 |
1 |
|
|a a
|b 100000
|d E0154758
|e E0165211
|f N0490648
|g N0483708
|
| 040 |
|
|
|a BOA001
|b cze
|
| 043 |
|
|
|a e-xr---
|b e-xr-jm
|2 czenas
|
| 072 |
|
7 |
|a 625
|x Pozemní komunikace. Železniční stavitelství
|2 Konspekt
|9 19
|
| 072 |
|
7 |
|a 912
|x Mapy. Atlasy. Glóby
|2 Konspekt
|9 7
|
| 080 |
|
|
|a 656.11
|2 MRF
|
| 080 |
|
|
|a 656.21
|2 MRF
|
| 080 |
|
|
|a 913(437.322)
|2 MRF
|
| 080 |
|
|
|a (084.3)656.1
|2 MRF
|
| 110 |
1 |
|
|a Morava (Česko).
|b Zemský stavební úřad
|4 ctg
|
| 245 |
1 |
0 |
|a Komunikační mapa země Moravskoslezské.
|n List 10,
|p Znojmo
|h [kartografický dokument] /
|c vypracoval: Mor. zemský stav. úřad
|
| 246 |
3 |
0 |
|a Znojmo
|
| 255 |
|
|
|a Měřítko 1:100 000
|c (15°47´58" v.d.--16°52´11" v.d./49°06´48" s.š.--48°37´08" s.š.)
|
| 260 |
|
|
|a V Brně :
|b Moravskoslez. zem. výbor :
|b Čsl. autoklub pro Moravu a Slezsko,
|c 1930
|e (V Praze :
|f reprodukce Voj. zeměpisného ústavu)
|
| 300 |
|
|
|a 1 mapa :
|b barev. ;
|c 56 x 78 cm, na listu 67 x 95 cm, složeno na 24 x 17 cm +
|e papírová obálka
|
| 500 |
|
|
|a Papírová obálka obsahuje klad listů a reklamy
|
| 650 |
0 |
7 |
|a silnice
|7 ph116142
|2 czenas
|
| 650 |
0 |
7 |
|a železniční tratě
|7 ph127925
|2 czenas
|
| 655 |
|
7 |
|a automapy
|7 fd131856
|2 czenas
|
| 651 |
|
7 |
|a Znojmo (Česko : oblast)
|7 ge131457
|2 czenas
|
| 710 |
1 |
|
|a Morava (Česko).
|b Zemský výbor
|7 kn20060316017
|4 pbl
|
| 710 |
2 |
|
|a Československý autoklub pro Moravu a Slezsko
|4 pbl
|
| 710 |
2 |
|
|a Vojenský zeměpisný ústav (1945-1951)
|7 ko2005263855
|4 prt
|
| 856 |
4 |
1 |
|u http://www.digitalniknihovna.cz/mzk/uuid/uuid:e5bbac3a-7da0-4383-b7e4-0f5aa419fd55
|y Digitalizovaný dokument
|
| 910 |
|
|
|a BOA001
|b Skř.9A-0698.389,10
|
| 990 |
|
|
|a MP
|
| 991 |
|
|
|b 201409
|